Statistiques concernant Pays prioritaires à l'Aide Publique au Développement de la France

Cliquez ici pour prendre le quiz!

Statistiques générales

  • Ce quiz a été pris 34 fois
  • Le résultat moyen est 14 sur 19

Statistiques - réponses

Réponses% Correct
Mali
96%
République démocratique du Congo
93%
Sénégal
93%
Comores
89%
Guinée
85%
Madagascar
85%
Mauritanie
81%
Niger
78%
Togo
78%
Djibouti
74%
Gambie
74%
Tchad
74%
Burkina Faso
70%
Éthiopie
70%
Bénin
67%
République centrafricaine
67%
Burundi
63%
Liberia
59%
Haïti
48%

Distribution des résultats

Percentile par nombre de réponses

% des personnes avec chaque résultat

Votre développement - résultats

Vous n’avez pas pris ce quiz